Viśvaguṇādarśacampūh. (Record no. 65260)

MARC details
000 -LEADER
fixed length control field 00835cam a22002771 4500
001 - CONTROL NUMBER
control field sa 65007635
003 - CONTROL NUMBER IDENTIFIER
control field DLC
005 - DATE AND TIME OF LATEST TRANSACTION
control field 20260227112150.0
008 - FIXED-LENGTH DATA ELEMENTS--GENERAL INFORMATION
fixed length control field 900212s1963 ii 000 0 sano
010 ## - LIBRARY OF CONGRESS CONTROL NUMBER
LC control number sa 65007635
035 ## - SYSTEM CONTROL NUMBER
System control number (OCoLC)21051243
040 ## - CATALOGING SOURCE
Original cataloging agency DLC
Transcribing agency WaU
Modifying agency DLC
041 0# - LANGUAGE CODE
Language code of text/sound track or separate title sanhin
050 00 - LIBRARY OF CONGRESS CALL NUMBER
Classification number PK3798
Item number .V177 1963
100 0# - MAIN ENTRY--PERSONAL NAME
Personal name Veṅkaṭādhvarin,
Dates associated with a name active 17th century.
245 10 - TITLE STATEMENT
Title Viśvaguṇādarśacampūh.
260 ## - PUBLICATION, DISTRIBUTION, ETC.
Date of publication, distribution, etc. 1963.
300 ## - PHYSICAL DESCRIPTION
Extent 452 p.
Dimensions 23 cm.
440 #0 - SERIES STATEMENT/ADDED ENTRY--TITLE
Title Vidyabhawan Sanskrit granthamala,
Volume/sequential designation 98
500 ## - GENERAL NOTE
General note Added t. p.: Viśva-guṇādarśa-campū.
500 ## - GENERAL NOTE
General note Hindi and Sanskrit.
700 1# - ADDED ENTRY--PERSONAL NAME
Personal name Śāstrī, Surendra Nātha.
700 1# - ADDED ENTRY--PERSONAL NAME
Personal name Shastri, Balkrishna.
Title of a work Padārthacandrikā.
700 1# - ADDED ENTRY--PERSONAL NAME
Personal name Pāṭhaka, Jaṭāśaṅkara.
Title of a work Prabhā.
740 0# - ADDED ENTRY--UNCONTROLLED RELATED/ANALYTICAL TITLE
Uncontrolled related/analytical title Viśva-guṇādarśa-campū.

No items available.

Powered by Koha